000 01042nam a22003137a 4500
003 CHAP
005 20220329135620.0
008 971013s1967 ve r 00010 spa d
010 _a39347
011 _a40319
035 _a44444
040 _cCHAP
082 0 4 _a633.4016
_bM6
100 0 0 _aMontaldo, Alvaro.
_977707
245 1 _aBibliografía de raíces y tubérculos tropicales
260 _aMaracay :
_bUniversidad Central de Venezuela Facultad de Agronomía,
_c1967
300 _a595 p
490 _aAlcance
_v; 13
590 _aBATCH-UPD
_b10
_c20130110
_lUCH01
_h2116
590 _aBATCH-UPD
_b10
_c20130410
_lUCH01
_h1426
590 _aBATCH-UPD
_b10
_c20130914
_lUCH01
_h2056
590 _aCONVERSION
_b10
_c20130109
_lUCH01
_h1322
650 1 4 _aTubérculos y cultivos de raíz
_xBibliografía.
_9115481
830 0 _aAlcance
_v; 13
_93555
901 _aBK
942 _cLIBRO
949 _a633.4016 M6
_bBC
_cC
_d33724002203363
_eC
_h12394
_i44444
_mD
_si
949 _a633.4016 M6
_bBC
_cLIBRO
_d33724000218327
_eLIBRO
_fc.2
_h12395
_i44444
_mD
_si
999 _c39347
_d39347